|
|
|
|
| LEADER |
00000cab a2200000 a 4500 |
| 001 |
vtls000306576 |
| 003 |
SK-MaSNL |
| 005 |
20260304181258.0 |
| 008 |
131118c1988 xo |||||| | 0||slo| |
| 015 |
|
|
|a SNBRB2023
|
| 035 |
|
|
|a CL0316695
|
| 040 |
|
|
|a SNKBUCL
|b slo
|c SNKBUCL
|e AACR2
|
| 041 |
0 |
|
|a slo
|
| 044 |
|
|
|a xo
|c SK
|
| 072 |
|
7 |
|a 821.162.4.09
|x Slovenská literatúra (o nej)
|2 konspekt
|
| 080 |
|
|
|a 821.162.4
|2 2011
|
| 080 |
|
|
|a (048.8)
|2 2011
|
| 100 |
1 |
|
|a Petrík, Vladimír,
|d 1929-2017
|4 aut
|9 171168
|
| 245 |
1 |
0 |
|a Spoločenské impulzy a literárny vývin
|c Vladimír Petrík
|
| 650 |
0 |
7 |
|a slovenská literatúra
|2 SNKPH
|9 1115
|
| 655 |
|
7 |
|a články z novín a časopisov
|2 SNKPH
|9 267496
|
| 655 |
|
7 |
|a štúdie
|2 SNKPH
|9 57033
|
| 773 |
0 |
|
|t Romboid
|g Roč 23, č. 2 (1988), s. 9-13
|x 0231-6714
|
| 850 |
|
|
|a Slovenská národná knižnica v Martine
|a MTA001
|
| 852 |
|
|
|a SNK
|b KIS3GCP
|
| 958 |
|
|
|a RK
|
| 958 |
|
|
|a LX
|
| 958 |
|
|
|a PETRIKApš/1988
|
| 992 |
|
|
|a RBX
|
| 999 |
|
|
|c 3022939
|d 3024869
|